[Event "EU-ch U16 Girls 26th"]
[Site "Prague"]
[Date "2016.08.27"]
[Round "9"]
[White "Ahmadova, Irada"]
[Black "Urbanc, Ana"]
[Result "1-0"]
[WhiteElo "1627"]
[BlackElo "1681"]
[PlyCount "53"]
[EventDate "2016.08.18"]
[EventType "swiss"]
[EventRounds "9"]
[EventCountry "CZE"]
[SourceTitle "CBM 174 Extra"]
[Source "ChessBase"]
[SourceDate "2016.10.10"]
[SourceVersion "1"]
[SourceVersionDate "2016.10.10"]
[SourceQuality "1"]

1. e4 c5 2. Nf3 Nc6 3. d4 cxd4 4. Nxd4 Nf6 5. Nc3 d6 6. f3 a6 7. Be3 e5 8. Nb3 Be6 9. Be2 Be7 10. 0-0 d5 11. exd5 Nxd5 12. Nxd5 Bxd5 13. c4 Be6 14. Nc5 Bxc5 15. Bxc5 Qxd1 16. Raxd1 Rd8 17. Bd3 f6 18. b3 Kf7 19. Bb6 Rd7 20. Be4 h6 21. Kf2 Re8 22. Rxd7+ Bxd7 23. Rd1 Be6 24. Rd6 Rc8 25. g4 Ke7 26. Rxe6+ Kd7 27. Bf5 1-0